Платинометально-медно-никелевые месторождения в рифтогенных ультрамафит-мафитовых комплексах Северо-Байкальской провинции; Современные проблемы геологии и разведки полезных ископаемых

Бібліографічні деталі
Parent link:Современные проблемы геологии и разведки полезных ископаемых.— 2010.— С. 228-232
Автор: Кислов Е. В.
Мова:Російська
Опубліковано: 2010
Формат: MixedMaterials Частина з книги
KOHA link:https://koha.lib.tpu.ru/cgi-bin/koha/opac-detail.pl?biblionumber=221754

MARC

LEADER 00000naa2a2200000 4500
001 221754
005 20231031195820.0
035 |a (RuTPU)RU\TPU\book\241933 
035 |a RU\TPU\book\241932 
090 |a 221754 
100 |a 20120913d2010 k y0rusy50 ca 
101 0 |a rus 
102 |a RU 
200 1 |a Платинометально-медно-никелевые месторождения в рифтогенных ультрамафит-мафитовых комплексах Северо-Байкальской провинции  |f Е. В. Кислов 
320 |a Библиогр.: с. 231-232 (5 назв.) 
463 0 |0 (RuTPU)RU\TPU\book\229483  |y 978-5-98298-728-0  |t Современные проблемы геологии и разведки полезных ископаемых  |o международная конференция, посвященная 80-летию основания в Томском политехническом университете первой в азиатской части России кафедры "Разведочное дело", Томск, 5-8 октября 2010 г.  |o материалы научной конференции  |f Национальный исследовательский Томский политехнический университет (ТПУ) ; Российский фонд фундаментальных исследований (РФФИ) ; Российская академия наук (РАН), Сибирское отделение (СО), Институт геологии и минералогии ; Российское геологическое общество (РосГео) ; [редкол.: А. К. Мазуров (гл. ред.), Ф. Б. Бакшт (отв. ред.) и др.]  |v С. 228-232  |d 2010  |p 639 с. 
700 1 |a Кислов  |b Е. В. 
801 1 |a RU  |b 63413507  |c 20120725 
801 2 |a RU  |b 63413507  |c 20130115  |g RCR 
942 |c BK